| 000 -LEADER |
| fixed length control field |
00883cam a22002537a 4500 |
| 020 ## - INTERNATIONAL STANDARD BOOK NUMBER |
| ISBN |
0078681707 (student text) |
| 020 ## - INTERNATIONAL STANDARD BOOK NUMBER |
| ISBN |
9780078681707 (student text) |
| 020 ## - INTERNATIONAL STANDARD BOOK NUMBER |
| ISBN |
0078681715 (teacher's ed.) |
| 020 ## - INTERNATIONAL STANDARD BOOK NUMBER |
| ISBN |
9780078681714 (teacher's ed.) |
| 040 ## - CATALOGING SOURCE |
| Transcribing agency |
SDB |
| 082 00 - DEWEY DECIMAL CLASSIFICATION NUMBER |
| Classification number |
512 GLE 2006 A030 Or. |
| 245 00 - TITLE STATEMENT |
| Title |
Algebra : |
| Remainder of title |
concepts and applications / |
| 246 1# - VARYING FORM OF TITLE |
| Title proper/short title |
Glencoe mathematics |
| 260 ## - PUBLICATION, DISTRIBUTION, ETC. (IMPRINT) |
| Place of publication |
New York : |
| Name of publisher |
Glencoe/McGraw Hill, |
| Year of publication |
c2006. |
| 300 ## - PHYSICAL DESCRIPTION |
| Number of Pages |
xxiv, 834 p. : |
| Other physical details |
ill. (chiefly col.) ; |
| Dimensions |
26 cm. |
| 500 ## - GENERAL NOTE |
| General note |
Includes index. |
| 650 #0 - SUBJECT ADDED ENTRY--TOPICAL TERM |
| Topical Term |
Algebra |
| 700 1# - ADDED ENTRY--PERSONAL NAME |
| Personal name |
Cummins, Jerry. |
| 710 2# - ADDED ENTRY--CORPORATE NAME |
| Corporate name or jurisdiction name as entry element |
Glencoe/McGraw-Hill. |
| 856 42 - ELECTRONIC LOCATION AND ACCESS |
| Uniform Resource Identifier |
http://www.loc.gov/catdir/enhancements/fy0737/2007298064-b.html |
| 856 42 - ELECTRONIC LOCATION AND ACCESS |
| Uniform Resource Identifier |
http://www.loc.gov/catdir/enhancements/fy0737/2007298064-d.html |
| 856 41 - ELECTRONIC LOCATION AND ACCESS |
| Uniform Resource Identifier |
http://www.loc.gov/catdir/enhancements/fy0737/2007298064-t.html |
| 942 ## - ADDED ENTRY ELEMENTS (KOHA) |
| Koha item type |
សៀវភៅភាសាអង់គ្លេស |
| 952 ## - LOCATION AND ITEM INFORMATION (KOHA) |
| Withdrawn status [LOCAL, KOHA] |
0 |